000 01750pam a2200325 i 4500
001 990226379820107026
003 UkOxU
005 20250915081118.0
008 210109r20212016enka 001|0|eng|d
015 _aGBC107912
_2bnb
016 7 _a020083803
_2Uk
020 _a9781786277091
_cĐ14.99
035 _a(UkOxU)022637982
035 _a(UkOxU)022637982BIB01
035 _a(Uk)020083803
040 _aStDuBDS
_beng
_erda
_cStDuBDS
_dUk
041 _aEnglish
042 _aukblcatcopy
100 _aLaverty, Christopher,
_eauthor.
_925858
245 1 0 _aFashion in film
_c/ Christopher Laverty.
264 1 _aLondon :
_bLaurence King Publishing,
_c2021.
300 _a223 pages :
_billustrations (black and white, and colour) ;
_c22 cm
500 _aOriginally published: 2016.
500 _aIncludes index.
520 _aA beautiful compendium of famous fashion designers, their gorgeous creations and the film stars that wore them. Fashion designers have been involved in movies since the early days of cinema. The result is some of the most eye-catching and influential costumes ever committed to film, from Ralph Lauren's trend-setting masculine style for Diane Keaton in Annie Hall to Audrey Hepburn's little black Givenchy dress in Breakfast at Tiffany's. Fashion in Film celebrates the contributions of fashion designers to cinema, exploring key garments, what they mean in context of the narrative, and why they are so memorable. Illustrated with beautiful film stills, fashion images and working sketches, this book will appeal to lovers of both fashion history and cinema.
650 0 _aFashion in motion pictures.
_925859
650 0 _a Costume
_xSymbolic aspects.
650 0 _aFashion designers
_99245
942 _2lcc
999 _c4932
_d4932